| 000 | 00414nab a2200145Ia 4500 | ||
|---|---|---|---|
| 003 | ES-SlBCS | ||
| 005 | 20210601125232.0 | ||
| 008 | 140529s1974 xxu||||| |||| 00| 0 eng d | ||
| 041 | _aeng | ||
| 100 | 1 |
_aKersten, Fred _9155792 |
|
| 245 | 0 | 0 |
_aCan Sartre Count? _c Fred Kersten |
| 600 | 1 | 4 |
_aSartre _9126058 |
| 773 | 0 |
_tPhilosophy and Phenomenological Research _gvol. 34, 1974, págs. 339-354 _wRev1411 |
|
| 942 | _cAR | ||
| 999 |
_c526997 _d526997 |
||